[Event "IECG QN.2003.0.00266 email "]
[Site "IECG email"]
[Date "2003.03.27"]
[Round "?"]
[White "McMahon, Thomas"]
[Black "Heiser, Jerome"]
[Result "0-1"]
[WhiteElo "800"]
[BlackElo "800"]
[PlyCount "30"]
[EventDate "2003.03.27"]
[EventType "tourn (corr)"]
[EventRounds "6"]
[SourceTitle "Corr 2008"]
[Source "ChessBase"]
[SourceDate "2008.06.24"]
[SourceVersion "1"]
[SourceVersionDate "2008.06.24"]
[SourceQuality "1"]

1. e4 e5 2. f4 exf4 3. Nf3 Nf6 4. d4 Nxe4 5. Bxf4 d5 6. Bd3 Bb4+ 7. c3 Bd6 8. Ne5 Qh4+ 9. g3 Qh3 10. Nd2 Qg2 11. Qf3 Qxf3 12. Ndxf3 f6 13. 0-0-0 fxe5 14. dxe5 Be7 15. Nd4 Nf2 0-1